Hỏi đáp về thâm canh cây ăn quả Cam, quýt, chuối, dứa, đu đủ

Vai trò, vị trí cây ăn quả trong nền kinh tế và trong đời sống hàng ngày, qui trình kỹ thuật chọn giống, gieo trồng, chăm sóc, phòng trừ sâu bệnh và thâm canh thời vụ cam quýt, chuối, dứa, đu đủ

Enregistré dans:
Détails bibliographiques
Auteur principal: Đinh Văn Lữ
Autres auteurs: Trần Như Y (Tác giả)
Format: Livre
Langue:Vietnamese
Publié: H. Khoa học và kỹ thuật 1978
Sujets:
cam
Tags: Ajouter un tag
Pas de tags, Soyez le premier à ajouter un tag!
Thư viện lưu trữ: Mạng thư viện Đại học Đà Nẵng
LEADER 01499nam a22004098a 4500
001 000013721
003 10065
005 20120321160337.0
008 120321s1978 b 000 0 vieod
020 |c 0đ  |d 26100b 
041 0 |a vie 
082 |a 634  |b ĐI-L 
084 |a M  |b H428Đ 
100 1 |a Đinh Văn Lữ 
245 1 0 |a Hỏi đáp về thâm canh cây ăn quả  |b Cam, quýt, chuối, dứa, đu đủ  |c Đinh Văn Lữ, Trần Như Y 
260 |a H.  |b Khoa học và kỹ thuật  |c 1978 
300 |a 216tr.: minh hoạ  |c 19cm 
520 |a Vai trò, vị trí cây ăn quả trong nền kinh tế và trong đời sống hàng ngày, qui trình kỹ thuật chọn giống, gieo trồng, chăm sóc, phòng trừ sâu bệnh và thâm canh thời vụ cam quýt, chuối, dứa, đu đủ 
653 |a Thâm canh 
653 |a dứa 
653 |a đu đủ 
653 |a chuối 
653 |a cây ăn quả 
653 |a quýt 
653 |a cam 
700 1 |a Trần Như Y  |e Tác giả 
910 |a Nguyễn Thị Lê Na 
OWN |a LSP 
AVA |a UDN50  |b LSP  |d 634 ĐI-L  |e available  |t Error 5001 Not defined in file expand_doc_bib_avail.  |f 1  |g 0  |h N  |i 0  |k 1 
999 |a From the UDN01 
AVA |a UDN50  |b LSP  |d 634 ĐI-L  |e available  |t Error 5001 Not defined in file expand_doc_bib_avail.  |f 1  |g 0  |h N  |i 0  |k 1 
TYP |a Monograph 
TYP |a Printed language 
980 |a Mạng thư viện Đại học Đà Nẵng